000 00643nam a22002537a 4500
001 30519
003 UA-OsUOA
005 20210711182705.0
007 ta
008 20041110b un ||||| |||| 00| 0 ukr d
040 _aUA-OsUOA
_brus
_cUA-OsUOA
_dUA-OsUOA
041 _arus
044 _aRU
080 _a82-09(491.1)
090 _a82-09(491.1)
_bС79
100 _aСтеблин-Каменский М. И.
245 _aМир саги
260 _aЛенинград
_bНаука
_c1971
300 _a140 с.
650 7 _2UDC
942 _cBK
_2udc
955 _a0
999 _c316931
_d316931